Lord of the Rings - Statistics

General Stats
  • This quiz has been taken 124 times
  • The average score is 30 of 71
Answer Stats
Actor Character % Correct
Viggo Mortensen Aragorn
97%
Ian Holm Bilbo Baggins
97%
Elijah Wood Frodo Baggins
97%
Orlando Bloom Legolas
95%
Dominic Monaghan Meriadoc Brandybuck
95%
Billy Boyd Peregrin Took
95%
John Rhys-Davis Gimli
92%
Ian McKellen Gandalf the Gray/Gandalf the White
91%
Maisey McLeod-Riera Baby Gamgee
90%
Ali Astin Elanor Gamgee
90%
Liv Tyler Arwen
89%
Sean Astin Samwise Gamgee
89%
Chistopher Lee Saruman
89%
Cate Blanchett Galadriel
88%
Hugo Weaving Elrond
87%
Andy Serkis Gollum/Smeagol
86%
David Wenham Faramir
85%
Sean Bean Boromir
83%
Bernard Hill Theoden
80%
Karl Urban Eomer
75%
Sala Baker Sauron
74%
Mark Ferguson Gil-galad
73%
Marton Csokas Celeborn
69%
Miranda Otto Eowyn
68%
John Noble Denethor
67%
Craig Parker Haldir
50%
Craig Parker Haldir
50%
Brent McIntyre Witch-King
49%
Sarah McLeod Rosie Cotton
47%
Brad Dourif Wormtongue
44%
Lawrance Makoare Lurtz
41%
Harry Sinclair Isildur
40%
Peter McKenzie Elendil
32%
Bruce Hopkins Gamling
32%
Thomas Robins Deagol
31%
David Weatherley Barliman Butterbur
29%
Paris Howed Strewe Theodred
28%
Peter Tait Shagrat
25%
Nathaniel Lees Ugluk
22%
Megan Edwards Mrs. Proudfoot
21%
Noel Appleby Everard Proudfoot
19%
Stephen Ure Gorbag
19%
Victoria Beynon-Cole Hero Orc
19%
Lee Hartley Hero Orc
19%
Phil Grieve Hero Orc
19%
Robert Pollock Mordor Orc
19%
Cameron Rhodes Farmer Maggot
17%
Stephen Ure Grishnakh
17%
Ray Trickitt Bereg
15%
Jed Brophy Sharku/Snaga
14%
Paul Norell King of the Dead
10%
Billy Jackson Cute Rohan Refugee Child
9%
Katie Jackson Cute Rohan Refugee Child
9%
Bruce Phillips Grimbold
8%
Billy Jackson Hobbit Child
8%
Katie Jackson Hobbit Child
8%
Sam Comery Eothain
7%
Calum Gittins Haleth
6%
John Bach Madril
6%
Robbie Magasiva Mauhur
6%
Olivia Tennet Freda
5%
Robyn Malcolm Morwen
5%
Bruce Phillips Rohan Soldier
5%
Sadwyn Brophy Eldarion
4%
Ian Hughes Irolas
4%
Bruce Allpress Aldor
2%
Peter Jackson Corsair Bosun
2%
Alistair Browning Damrod
2%
Ian Mune Bounder
1%
Martyn Sanderson Gate Kepper
0%
John Leigh Harma
0%
No matching quizzes found
Score Distribution
Percent of People with Each Score
Percentile by Number Answered
Your Score History
You have not taken this quiz